| Поле | Название | Значение |
| |
Тип записи |
i |
| |
Библиографический уровень |
m |
| 001 |
Контрольный номер |
RU/IS/BASE/555592001 |
| 005 |
Дата корректировки |
20201206205100.1 |
| 010 |
Индекс ISBN |
__ |
| d |
Цена |
255-60 |
| 100 |
Данные общей обработки |
__ |
| a |
Данные общей обработки |
19170809d2014||||||| 0rusy0189 ca |
| 101 |
Язык документа |
1_ |
| a |
Язык текста |
rus |
| c |
Язык оригинала |
nnn |
| 102 |
Страна публикации |
__ |
| a |
Страна публикации |
ru |
| 105 |
Кодированные данные (монография) |
__ |
| a |
Кодированные данные (монография) |
nn|||||||f|zy |
| 127 |
Кодированные данные (звукозаписи-физические характеристики) |
__ |
| a |
Продолжительность проигрывания |
01 ч |
| 200 |
Заглавие и сведения об ответственности |
1_ |
| a |
Заглавие |
Но молоко к счастью... |
| e |
Сведения, относящиеся к заглавию |
[12+] |
| f |
Первые сведения об ответственности |
Нил Гейман ; читает Семен Мендельсон ; [перевод М. Визель] |
| b |
Общее обозначение материала |
Звукозапись |
| 210 |
Выходные данные |
__ |
| a |
Место издания |
Москва |
| c |
Издательство |
Аудиокнига |
| d |
Дата издания |
2014 |
| 215 |
Физическое описание |
__ |
| a |
Объем |
1 электрон. опт. диск (Audio CD) |
| c |
Иллюстрации/тип воспроизводства |
mp3 |
| d |
Формат |
12х14 см |
| 230 |
Специфическая характеристика материала: электронные ресурсы |
__ |
| a |
Обозначение и объем ресурса |
Электронные звуковые данные |
| 300 |
Общие примечания |
__ |
| a |
Общие примечания |
Заглавие с этикетки диска |
| 323 |
Примечание о главных создателях, исполнителях, участниках |
__ |
| a |
Примечание о главных создателях, исполнителях, участниках |
Мендельсон, С. (читает) |
| 330 |
Аннотация |
__ |
| a |
Аннотация |
Эта странная история случилась при совершенно непримечательных обстоятельствах. В доме закончилось молоко. Мама в командировке, папа - за главного. Он-то и отправляется за ним в магазин. Но по дороге его похищают... самые настоящие инопланетяне. |
| 333 |
Примечание о целевом назначении |
__ |
| a |
Примечание о целевом назначении |
12+. Для детей старше 12 лет |
| 337 |
Примечание о системных требованиях (электронные ресурсы) |
__ |
| a |
Примечание о системных требованиях (электронные ресурсы) |
Системные требования: CD-плеер с поддержкой MP3 ; Pentium-233 с Windows 9x-XP ; CD-ROM ; звуковая карта |
| 606 |
Тематические рубрики |
__ |
| a |
Основная рубрика |
Художественная литература |
| 606 |
Тематические рубрики |
__ |
| a |
Основная рубрика |
Литература Европы (произведения) |
| y |
Географическая подрубрика |
Великобритания |
| y |
Географическая подрубрика |
США |
| 610 |
Ключевые слова |
__ |
| a |
Ключевые слова |
английская литература |
| a |
Ключевые слова |
детская литература |
| a |
Ключевые слова |
зарубежная литература |
| a |
Ключевые слова |
иностранная литература |
| a |
Ключевые слова |
сказки |
| a |
Ключевые слова |
тема инопланетян |
| a |
Ключевые слова |
тема путешествий во времени |
| 686 |
Индексы других классификаций |
__ |
| 2 |
Код системы |
rubbks |
| a |
Классификационный индекс |
84(4Вел)6-445я04; ст84(4Вел)-4я0 |
| 700 |
Автор |
_1 |
| a |
Фамилия |
Гейман |
| b |
Имя |
Н. |
| f |
Даты |
1960- |
| g |
Полное личное имя |
Нил |
| 4 |
Код отношения |
070 |
| 702 |
Вторичная интеллектуальная ответственность |
_1 |
| a |
Фамилия |
Визель |
| b |
Имя |
М. |
| 4 |
Код отношения |
Переводчик |
| 4 |
Код отношения |
730 |
| 801 |
Источник записи |
_0 |
| a |
Страна |
ru |
| b |
Организация |
Муниципальное бюджетное учреждение культуры "Централизованная библиотечная система" г. Сургут (Центральная городская библиотека им. А. С. Пушкина) |
| c |
Дата составления |
20170809 |
| g |
Правила каталогизации |
КиК/Апакова |
| 801 |
Источник записи |
_1 |
| a |
Страна |
ru |
| b |
Организация |
Муниципальное бюджетное учреждение культуры "Централизованная библиотечная система" г. Сургут (Центральная городская библиотека им. А. С. Пушкина) |
| c |
Дата составления |
20170809 |
| g |
Правила каталогизации |
КиК/Апакова |
| 852 |
Данные о местонахождении |
__ |
| j |
Шифр хранения |
84(4Вел)6-445я04 |
| i |
Авторский знак |
Г 29 |
| 901 |
Тип документа |
__ |
| t |
Тип документа |
0 |
| 903 |
Характеристики (МАРС) |
__ |
| a |
Дата передачи |
20170809 |
| 969 |
Тип издания |
__ |
| a |
Тип издания |
аудиокнига; издание для слепых; издание для детей |
| 990 |
Данные о заказе (DOS) |
__ |
| j |
Количество экземпляров (DOS) |
4 |
| t |
N записи в КСУ для И/У (DOS) |
201708 |